000 00901nam a2200277 a 4500
001 801
003 BR-CuiBMT
005 20231128000409.0
008 231108s2012 rjba 001 0 por d
020 _a9788530939137
040 _aBR-CuiBMT
_cBR-CuiBMT
080 _a34:336.2
_22007
090 _a34:336.2
_bB183i
_c18. ed.
100 1 _aBaleeiro, Aliomar,
_d1905-1978
245 0 4 _aUma introdução à ciência das finanças /
_cAliomar Baleeiro.
250 _a18. ed., rev. e atual.
260 _aRio de Janeiro :
_bForense,
_cc2012.
300 _a683 p. :
_bil. ;
_c24 cm
500 _aObra revisada e atualizada por Hugo de Brito Machado Segundo.
504 _aInclui bibliografia e índice.
650 _aDireito tributário
_xLegislação
_zBrasil
650 _aFinanças públicas
_zBrasil
650 _aReceita pública
_zBrasil
650 _aCrédito público
_zBrasil
942 _2udc
_cLV
999 _c801
_d801